000 00332 a2200145 4500
001 169670
020 _a
040 _cMagnum
100 _aAndrade, Euclides Marques
240 1 0 _aEste menino cabe na cidade ?
_lpor
245 1 0 _aEste menino cabe na cidade ?
362 0 _a1899
697 _aIJ/AVENTURA, CRIANCAS
942 _cBK
999 _c169670
_d169670